NFL 2024-2025 Transactions - Statistics

General Stats
  • This quiz has been taken 382 times
    183 since last reset
  • The average score is 58 of 254
Answer Stats
Former Team Transaction New Team Pos. Answer % Correct
Denver Broncos Free Agent Pittsburgh Steelers QB Russell Wilson
97%
Miami Dolphins Free Agent New Orleans Saints WR Cedrick Wilson
94%
New England Patriots Free Agent Arizona Cardinals LB Mack Wilson
94%
New York Jets Trade Denver Broncos QB Zach Wilson
94%
Minnesota Vikings Free Agent Atlanta Falcons QB Kirk Cousins
93%
New England Patriots Trade Jacksonville Jaguars QB Mac Jones
93%
Green Bay Packers Free Agent Minnesota Vikings RB Aaron Jones
92%
Miami Dolphins Free Agent Denver Broncos S Brandon Jones
90%
Carolina Panthers Free Agent Buffalo Bills LB Deion Jones
90%
Los Angeles Rams Trade Tennessee Titans LB Ernest Jones
90%
Chicago Bears Free Agent Arizona Cardinals DL Justin Jones
90%
Jacksoville Jaguars Free Agent Arizona Cardinals WR Zay Jones
90%
Indianapolis Colts Free Agent Las Vegas Raiders QB Gardner Minshew
82%
San Francisco 49ers Free Agent Minnesota Vikings QB Sam Darnold
74%
Washington Commanders Free Agent New England Patriots QB Jacoby Brissett
70%
New Orleans Saints Free Agent Cleveland Browns QB Jameis Winston
65%
Pittsburgh Steelers Trade Philadelphia Eagles QB Kenny Pickett
65%
Cincinnati Bengals Free Agent Kansas City Chiefs TE Irv Smith
62%
Atlanta Falcons Free Agent Miami Dolphins TE Jonnu Smith
62%
Dallas Cowboys Free Agent New York Jets OL Tyron Smith
61%
Seattle Seahawks Free Agent New York Giants QB Drew Lock
60%
Cleveland Browns Free Agent Indianapolis Colts QB Joe Flacco
60%
Chicago Bears Trade Pittsburgh Steelers QB Justin Fields
60%
Philadelphia Eagles Free Agent Washington Commanders QB Marcus Mariota
60%
New York Giants Free Agent Philadelphia Eagles RB Saquon Barkley
60%
Philadelphia Eagles Free Agent Chicago Bears RB D'Andre Swift
58%
Las Vegas Raiders Free Agent Green Bay Packers RB Josh Jacobs
58%
Cincinnati Bengals Trade Houston Texans RB Joe Mixon
57%
Dallas Cowboys Free Agent Tennessee Titans RB Tony Pollard
56%
Tennessee Titans Free Agent Baltimore Ravens RB Derrick Henry
55%
Washington Commanders Trade Seattle Seahawks QB Sam Howell
55%
Detroit Lions Free Agent Philadelphia Eagles S CJ Gardner-Johnson
54%
Pittsburgh Steelers Trade Carolina Panthers WR Diontae Johnson
53%
New Orleans Saints Free Agent Houston Texans S Lonnie Johnson
53%
Pittsburgh Steelers Free Agent Tennessee Titans QB Mason Rudolph
53%
Los Angeles Chargers Free Agent Washington Commanders RB Austin Ekeler
52%
Los Angeles Rams Free Agent Kansas City Chiefs QB Carson Wentz
52%
New York Giants Free Agent New York Jets QB Tyrod Taylor
52%
Denver Broncos Trade Cleveland Browns WR Jerry Jeudy
51%
Houston Texans Free Agent New York Giants RB Devin Singletary
49%
Chicago Bears Free Agent New Orleans Saints WR Equanimeous St. Brown
49%
Baltimore Ravens Free Agent Los Angeles Chargers RB JK Dobbins
49%
Atlanta Falcons Trade Arizona Cardinals QB Desmond Ridder
48%
Baltimore Ravens Free Agent Los Angeles Chargers RB Gus Edwards
48%
Arizona Cardinals Free Agent Kansas City Chiefs WR Marquise Brown
48%
Miami Dolphins Free Agent Carolina Panthers OL Robert Hunt
48%
New England Patriots Free Agent Cincinnati Bengals OL Trent Brown
48%
Tampa Bay Buccaneers Trade Detroit Lions CB Carlton Davis
47%
New England Patriots Free Agent Dallas Cowboys RB Ezekiel Elliott
47%
Buffalo Bills Free Agent Jacksonville Jaguars WR Gabe Davis
47%
Los Angeles Chargers Free Agent Washington Commanders CB Michael Davis
47%
Kansas City Chiefs Free Agent Buffalo Bills S Mike Edwards
47%
Miami Dolphins Free Agent Indianapolis Colts DL Raekwon Davis
47%
Los Angeles Rams Free Agent Cleveland Browns OL Brian Allen
46%
Miami Dolphins Free Agent Seattle Seahawks OL Connor Williams
46%
Jacksonville Jaguars Free Agent Los Angeles Rams CB Darious Williams
46%
Las Vegas Raiders Free Agent Los Angeles Rams QB Jimmy Garoppolo
46%
Cincinnati Bengals Free Agent Arizona Cardinals OL Jonah Williams
46%
Los Angeles Chargers Trade Chicago Bears WR Keenan Allen
46%
Indianapolis Colts Free Agent Cincinnati Bengals RB Zack Moss
46%
Los Angeles Chargers Free Agent New York Jets WR Mike Williams
45%
Washington Commanders Free Agent New England Patriots RB Antoinio Gibson
44%
Minnesota Vikings Free Agent San Francisco 49ers QB Josh Dobbs
44%
Chicago Bears Free Agent Atlanta Falcons WR Darnell Mooney
43%
Buffalo Bills Trade Houston Texans WR Stefon Diggs
42%
Seattle Seahawks Free Agent Tennessee Titans S Quandre Diggs
41%
Jacksonville Jaguars Free Agent Tennessee Titans WR Calvin Ridley
40%
Minnesota Vikings Free Agent Las Vegas Raiders RB Alexander Mattison
38%
Atlanta Falcons Free Agent Pittsburgh Steelers RB/WR Cordarrelle Patterson
38%
Baltimore Ravens Free Agent Cleveland Browns QB Tyler Huntley
38%
Baltimore Ravens Free Agent Dallas Cowboys RB Dalvin Cook
37%
Washington Commanders Trade Philadelphia Eagles WR Jahan Dotson
34%
Washington Commanders Free Agent Buffalo Bills WR Curtis Samuel
32%
Pittsburgh Steelers Free Agent New York Giants WR Allen Robinson
31%
New York Giants Free Agent Detroit Lions WR Allen Robinson
31%
New York Giants Free Agent Carolina Panthers DL A'Shawn Robinson
31%
Arizona Cardinals Free Agent Washington Commanders TE Zach Ertz
31%
Denver Broncos Free Agent Kansas City Chiefs RB Semaje Perine
29%
Atlanta Falcons Trade Los Angeles Chargers QB Taylor Heinicke
29%
Tampa Bay Buccaneers Free Agent Philadelphia Eagles LB Devin White
28%
Buffalo Bills Free Agent Los Angeles Rams CB Tre'Davious White
28%
Cincinnati Bengals Free Agent Tennessee Titans WR Tyler Boyd
26%
Tampa Bay Buccaneers Free Agent Carolina Panthers WR David Moore
25%
Baltimore Ravens Free Agent Miami Dolphins WR Odell Beckham Jr.
25%
Buffalo Bills Free Agent Los Angeles Chargers DL Poona Ford
25%
Arizona Cardinals Trade Atlanta Falcons WR Rondale Moore
25%
San Francisco 49ers Free Agent Atlanta Falcons WR Ray-Ray McCloud
24%
Minnesota Vikings Free Agent Houston Texans DL Danielle Hunter
23%
Carolina Panthers Trade New York Giants EDGE Brian Burns
22%
Minnesota Vikings Free Agent New England Patriots WR KJ Osborn
22%
New England Patriots Free Agent Cincinnati Bengals TE Mike Gesicki
22%
Atlanta Falcons Free Agent Pittsburgh Steelers WR Van Jefferson
22%
Buffalo Bills Free Agent Carolina Panthers CB Dane Jackson
21%
Carolina Panthers Trade Pittsburgh Steelers CB Donte Jackson
21%
Chicago Bears Free Agent Baltimore Ravens S Eddie Jackson
21%
Detroit Lions Free Agent Los Angeles Rams OL Jonah Jackson
21%
Denver Broncos Free Agent Buffalo Bills S Kareem Jackson
21%
Denver Broncos Free Agent Detroit Lions WR Tim Patrick
21%
Seattle Seahawks Free Agent Tennessee Titans S Jamal Adams
20%
New York Jets Free Agent Cleveland Browns DL Quinton Jefferson
20%
Baltimore Ravens Free Agent Los Angeles Chargers S Tony Jefferson
20%
Las Vegas Raiders Free Agent New England Patriots TE Austin Hooper
18%
Los Angeles Chargers Free Agent Chicago Bears TE Gerald Everett
18%
New Orleans Saints Free Agent Miami Dolphins S Marcus Maye
18%
Seattle Seahawks Free Agent Washington Commanders LB Bobby Wagner
17%
Carolina Panthers Free Agent Minnesota Vikings LB Kamu Grugier-Hill
17%
Cincinnati Bengals Free Agent Carolina Panthers S Nick Scott
17%
Philadelphia Eagles Free Agent Los Angeles Rams RB Boston Scott
16%
San Francisco 49ers Free Agent New Orleans Saints DL Chase Young
16%
Houston Texans Free Agent Seattle Seahawks OL George Fant
16%
Philadelphia Eagles Trade New York Jets EDGE Haason Reddick
16%
Carolina Panthers Free Agent Los Angeles Chargers TE Hayden Hurst
16%
Miami Dolphins Free Agent Las Vegas Raiders DL Christian Wilkins
15%
Chicago Bears Free Agent Cleveland Browns RB D'Onta Foreman
15%
Kansas City Chiefs Trade Tennessee Titans CB L'Jarius Sneed
15%
Detroit Lions Free Agent Denver Broncos WR Josh Reynolds
14%
Atlanta Falcons Free Agent Miami Dolphins DL Calais Campbell
13%
Seattle Seahawks Free Agent Los Angeles Rams TE Colby Parkinson
13%
Green Bay Packers Free Agent San Francisco 49ers LB De'Vondre Campbell
13%
Denver Broncos Free Agent Atlanta Falcons S Justin Simmons
13%
New England Patriots Trade Atlanta Falcons EDGE Matt Judon
13%
New York Giants Free Agent Philadelphia Eagles WR Parris Campbell
13%
Baltimore Ravens Free Agent Pittsburgh Steelers LB Patrick Queen
13%
Atlanta Falcons Free Agent Pittsburgh Steelers WR Scotty Miller
13%
New York Giants Free Agent Green Bay Packers S Xavier McKinney
13%
New England Patriots Free Agent Philadelphia Eagles WR DeVante Parker
12%
Baltimore Ravens Free Agent Jacksonville Jaguars WR Devin Duvernay
12%
Kansas City Chieifs Free Agent Buffalo Bills WR Marquez Valdes-Scantling
11%
Philadelphia Eagles Free Agent Washington Commanders WR Olamide Zaccheaus
11%
Philadelphia Eagles Free Agent Pittsburgh Steelers WR Quez Watkins
11%
Dallas Cowboys Free Agent Minnesota Vikings CB Stephon Gilmore
11%
New Orleans Saints Free Agent Las Vegas Raiders OL Andrus Peat
10%
Cleveland Browns Free Agent Miami Dolphins LB Anthony Walker
10%
Baltimore Ravens Free Agent Carolina Panthers EDGE Jadeveon Clowney
10%
Buffalo Bills Free Agent Miami Dolphins S Jordan Poyer
10%
Los Angeles Chargers Free Agent Tennessee Titans LB Kenneth Murray
10%
Philadelphia Eagles Free Agent Chicago Bears S Kevin Byard
10%
Dallas Cowboys Free Agent Las Vegas Raiders WR Michael Gallup
10%
Cleveland Browns Free Agent Seattle Seahawks QB PJ Walker
10%
Houston Texans Free Agent Tampa Bay Buccaneers CB Tavierre Thomas
10%
New York Jets Free Agent Tampa Bay Buccaneers CB Bryce Hall
9%
Houston Texans Free Agent Minnesota Vikings DL Jonathan Greenard
9%
Kansas City Chiefs Free Agent Cleveland Browns WR Kadarius Toney
9%
Buffalo Bills Free Agent Cleveland Browns RB Nyheim Hines
9%
Tennessee Titans Free Agent Jacksonville Jaguars S Terrell Edmunds
9%
Detroit Lions Free Agent New Orleans Saints S Will Harris
9%
Miami Dolphins Free Agent Minnesota Vikings LB Andrew Van Ginkel
8%
Cincinnati Bengals Free Agent Tennessee Titans CB Chidobe Awuzie
8%
New York Jets Free Agent Philadelphia Eagles TE CJ Uzomah
8%
Carolina Panthers Free Agent Los Angeles Chargers WR DJ Chark
8%
Minnesota Vikings Free Agent Green Bay Packers K Greg Joseph
8%
Cincinnati Bengals Free Agent Buffalo Bills OL La'el Collins
8%
Houston Texans Trade San Francisco 49ers DL Maliek Collins
8%
New Orleans Saints Free Agent Philadelphia Eagles LB Zack Baun
8%
Seattle Seahawks Free Agent Carolina Panthers OL Damien Lewis
7%
Carolina Panthers Free Agent Washington Commanders LB Frankie Luvu
7%
Cleveland Browns Free Agent Las Vegas Raiders TE Harrison Bryant
7%
New England Patriots Free Agent Houston Texans CB Myles Bryant
7%
San Francisco 49ers Free Agent Jacksonville Jaguars DL Arik Armstead
6%
New York Jets Free Agent Philadelphia Eagles DL Bryce Huff
6%
Cincinnati Bengals Free Agent Detroit Lions DL DJ Reader
6%
Baltimore Ravens Free Agent Cincinnati Bengals S Geno Stone
6%
Washington Commanders Free Agent New England Patriots K Joey Slye
6%
New York Giants Trade Dallas Cowboys DL Jordan Phillips
6%
Buffalo Bills Free Agent Kansas City Chiefs P Matt Araiza
6%
New York Jets Free Agent Philadelphia Eagles OL Mekhi Becton
6%
Chicago Bears Free Agent Minnesota Vikings TE Robert Tonyan
6%
Buffalo Bills Trade Chicago Bears OL Ryan Bates
6%
Tampa Bay Buccaneers Free Agent Miami Dolphins EDGE Shaq Barrett
6%
Kansas City Chiefs Free Agent Houston Texans P Tommy Townsend
6%
Los Angeles Chargers Free Agent Dallas Cowboys LB Eric Kendricks
5%
Carolina Panthers Free Agent Washington Commanders S Jeremy Chinn
5%
Miami Dolphins Free Agent Seattle Seahawks LB Jerome Baker
5%
Tennessee Titans Free Agent Arizona Cardinals CB Sean Murphy-Bunting
5%
Carolina Panthers Free Agent Cincinnati Bengals S Vonn Bell
5%
Detroit Lions Free Agent Pittsburgh Steelers CB Cam Sutton
4%
Green Bay Packers Free Agent Jacksonville Jaguars S Darnell Savage
4%
Los Angeles Rams Free Agent Carolina Panthers S Jordan Fuller
4%
Washington Commanders Free Agent Miami Dolphins CB Kendall Fuller
4%
Carolina Panthers Free Agent Seattle Seahawks WR Laviska Shenault
4%
Dallas Cowboys Free Agent Washington Commanders OL Tyler Biadasz
4%
Las Vegas Raiders Free Agent Detroit Lions CB Amik Robertson
3%
Minnesota Vikings Trade Dallas Cowboys CB Andrew Booth
3%
Los Angeles Rams Trade Houston Texans WR Ben Skowronek
3%
Miami Dolphins Free Agent Buffalo Bills WR Chase Claypool
3%
Dallas Cowboys Free Agent Washington Commanders EDGE Dante Fowler
3%
Tennessee Titans Free Agent Houston Texans DL Denico Autry
3%
Miami Dolphins Free Agent Pittsburgh Steelers S DeShon Elliott
3%
Dallas Cowboys Free Agent Washington Commanders DL Dorance Armstrong
3%
Buffalo Bills Free Agent New York Giants WR Isiah McKenzie
3%
San Francisco 49ers Free Agent New York Jets DL Javon Kinlaw
3%
Atlanta Falcons Free Agent Houston Texans CB Jeff Okudah
3%
New York Giants Free Agent Minnesota Vikings DL Jihad Ward
3%
Green Bay Packers Free Agent New York Giants OL Jon Runyan
3%
New York Jets Free Agent Tampa Bay Buccaneers S Jordan Whitehead
3%
Seattle Seahawks Free Agent Miami Dolphins LB Jordyn Brooks
3%
Washington Commanders Free Agent Los Angeles Rams S Kamren Curl
3%
Baltimore Ravens Free Agent Detroit Lions OL Kevin Zeitler
3%
Buffalo Bills Free Agent San Francisco 49ers LB Leonard Floyd
3%
Minnesota Vikings Free Agent New York Jets S Lewis Cine
3%
Denver Broncos Free Agent Tennessee Titans OL Lloyd Cushenberry
3%
Minnesota Vikings Free Agent Detroit Lions DL Marcus Davenport
3%
Jacksonville Jaguars Free Agent Pittsburgh Steelers K Matthew Wright
3%
Buffalo Bills Free Agent Jacksonville Jaguars OL Mitch Morse
3%
Baltimore Ravens Trade New York Jets OL Morgan Moses
3%
Jacksonville Jaguars Free Agent Seattle Seahawks S Rayshawn Jenkins
3%
Houston Texans Free Agent Cincinnati Bengals DL Sheldon Rankins
3%
Tennessee Titians Free Agent Houston Texans LB Azeez Al-Shaair
2%
Seattle Seahawks Free Agent Cleveland Browns LB Devin Bush
2%
New York Jets Trade Denver Broncos DL John Franklin-Myers
2%
Las Vegas Raiders Free Agent New York Jets OL John Simpson
2%
Tennessee Titans Free Agent Los Angeles Chargers CB Kristian Fulton
2%
New York Jets Free Agent Seattle Seahawks OL Laken Tomlinson
2%
Pittsburgh Steelers Free Agent Denver Broncos CB Levi Wallace
2%
Philadelphia Eagles Free Agent Buffalo Bills LB Nicholas Morrow
2%
Kansas City Chiefs Free Agent Washington Commanders OL Nick Allegreti
2%
Baltimore Ravens Free Agent Jacksonville Jaguars CB Ronald Darby
2%
Carolina Panthers Free Agent Minnesota Vikings CB Shaq Griffin
2%
New England Patriots Free Agent Philadelphia Eagles QB Will Grier
2%
Kansas City Chiefs Free Agent New Orleans Saints LB Willie Gay
2%
Carolina Panthers Free Agent San Francisco 49ers DL Yetur Gross-Matos
2%
Tennessee Titians Free Agent Miami Dolphins OL Aaron Brewer
1%
Green Bay Packers Free Agent Jacksonville Jaguars S Adrian Amos
1%
Tennessee Titans Free Agent Green Bay Packers OL Andre Dillard
1%
Carolina Panthers Free Agent Los Angeles Chargers OL Bradley Bozeman
1%
Atlanta Falcons Free Agent Los Angeles Chargers LB Bud Dupree
1%
Carolina Panthers Free Agent Houston Texans CB CJ Henderson
1%
San Francisco 49ers Free Agent Washington Commanders DL Clelin Ferrell
1%
Washington Commanders Free Agent Denver Broncos LB Cody Barton
1%
Houston Texans Free Agent Los Angeles Chargers LB Denzel Perryman
1%
Buffalo Bills Free Agent Baltimore Ravens WR Deonte Harty
1%
Minnesota Vikings Free Agent Carolina Panthers DL DJ Wonnum
1%
Jacksonville Jaguars Free Agent Houston Texans DL Foley Fatukasi
1%
New Orleans Saints Free Agent San Francisco 49ers CB Isaac Yiadom
1%
Los Angeles Chargers Free Agent Las Vegas Raiders WR Jalen Guyton
1%
Las Vegas Raiders Free Agent New York Giants OL Jermaine Eluemunor
1%
Green Bay Packers Free Agent Chicago Bears S Jonathan Owens
1%
Minnesota Vikings Free Agent Cleveland Browns LB Jordan Hicks
1%
Denver Broncos Free Agent Carolina Panthers LB Josey Jewell
1%
Green Bay Packers Free Agent Atlanta Falcons CB Kevin King
1%
Jacksonville Jaguars Free Agent Carolina Panthers EDGE K'Lavon Chaisson
1%
New Orleans Saints Free Agent Denver Broncos DL Malcolm Roach
1%
Atlanta Falcons Free Agent Philadelphia Eagles OL Matt Hennessy
1%
New York Giants Free Agent Denver Broncos OL Matt Peart
1%
Chicago Bears Free Agent New Orleans Saints QB Nathan Peterman
1%
San Francisco 49ers Free Agent Tennessee Titans DL Sebastian Joseph-Day
1%
Buffalo Bills Free Agent Houston Texans DL Tim Settle
1%
Los Angeles Chargers Free Agent Buffalo Bills OL Will Clapp
1%
Green Bay Packers Free Agent Carolina Panthers OL Yosh Nijman
1%
Chicago Bears Free Agent Las Vegas Raiders OL Cody Whitehair
0%
Tennessee Titans Trade Los Angeles Chargers CB Elijah Molden
0%
Chicago Bears Free Agent Cleveland Browns OL Germain Ifedi
0%
San Francisco 49ers Free Agent Tampa Bay Buccaneers DL Randy Gregory
0%
Cleveland Browns Free Agent New York Jets EDGE Takk McKinley
0%
No matching quizzes found
Score Distribution
Percent of People with Each Score
Percentile by Number Answered
Your Score History
You have not taken this quiz since the last reset